| 000 | 01210nam a22003017a 4500 | ||
|---|---|---|---|
| 001 | BRCA_9393 | ||
| 003 | FranzMayer | ||
| 005 | 20230918124739.0 | ||
| 008 | 230901b |||||||| |||| 00| 0 eng d | ||
| 020 | _a9789685852258 | ||
| 040 |
_aMFM _bESPAÑOL _cMFM |
||
| 050 | 0 |
_aI5936.B38 _bR63 1995 |
|
| 100 | 1 |
_4Autor _aRodríguez Morales, Luis _929492 |
|
| 240 |
_aEl diseño antes de la Bauhaus _lEspañol |
||
| 245 | 1 | _aEl diseño antes de la Bauhaus | |
| 250 |
_aSegunda edición _bEl diseño antes de la Bauhaus 2011 |
||
| 260 |
_aMéxico _bEditorial Designio _c2011 |
||
| 300 |
_a170 p _bIlustraciones _c24 cm |
||
| 500 | _aAnexo 1 | ||
| 500 | _aEl libro es la segunda edición, la, primera llevó el nombre de "El diseño preindustrial. Una visión histórica" | ||
| 505 | _aTexto en: españolIncluye índice temáticoIncluye bibliografíaDirigido a: diseñadores, historiadores del arte | ||
| 650 | 1 |
_2Bibliografía selecta _aArtes visuales _vDiseño _929493 |
|
| 651 | 2 |
_2Artes finas _aHistoria del diseño _vBanhaus _929494 |
|
| 700 | 1 |
_4Dis. _aSalinas Losada, Oscar _929495 |
|
| 700 | 1 |
_4Forma. _aRodríguez, Carolina _929496 |
|
| 700 | 1 |
_4Edi. _aLosada, Ana Maria _929497 |
|
| 942 |
_2lcc _cB |
||
| 999 |
_c11015 _d11015 |
||